Kemuliaan sabar keagungan syukur : Panduan hidup dengan jiwa yang tenang

Bibliographic Details
Main Author: Muhammad Firdaus, Ustaz
Format: Book
Published: Sungai Buloh, Selangor : S.Abdul Majeed & Co
Series:Siri menggapai kebahagiaan

MARC

LEADER 00000cam a2200000 7i4500
001 0000084770
005 20200217.0
008 200112
020 |a 9789670585581 
041 0 |a Malay 
090 0 0 |a 297.57   |b SAT 
100 0 |a Muhammad Firdaus, Ustaz 
245 0 0 |a Kemuliaan sabar keagungan syukur :   |b Panduan hidup dengan jiwa yang tenang   |c Ustaz Muhammad Firdaus 
260 |a Sungai Buloh, Selangor :   |b S.Abdul Majeed & Co 
300 |a 160p. :   |b white & brown ;   |c 22.8cm. 
490 0 |a Siri menggapai kebahagiaan 
541 0 0 |c Purchased on 2018   |f 1142 DNA   |h RM14.90 
999 |a 0001276178   |b Book   |c Adult Collection   |e Cawangan Sri Merlong